[Event "Panchenko Memorial-A 2021"]
[Site "Chelyabinsk"]
[Date "2021.09.20"]
[Round "9.3"]
[White "Fedorov, Alexei"]
[Black "Afanasiev, Nikita"]
[Result "1/2-1/2"]
[WhiteElo "2532"]
[BlackElo "2548"]
[Annotator "TA"]
[PlyCount "23"]
[EventDate "2021.09.13"]
[EventType "swiss"]
[EventCountry "RUS"]
[SourceTitle "playchess.com"]
[Source "ChessBase"]
[SourceQuality "1"]

{[%evp 19,23,7,8,0,5,0]} 1. e4 e5 2. Nf3 Nc6 3. Bb5 Nf6 4. O-O Nxe4 5. d4 Nd6 6. dxe5 Nxb5 7. a4 Nbd4 8. Nxd4 Nxd4 9. Qxd4 d5 10. exd6 Qxd6 {[#]} 11. Qe4+ $146 {C67: Ruy Lopez: Berlin Defence: 4 0-0 Nxe4.} ({Predecessor:} 11. Qe3+ Be7 12. Nc3 c6 13. Ne4 Qg6 14. Nc5 Qd6 15. Re1 b6 16. Ne4 Qe5 17. a5 bxa5 18. Rxa5 Qc7 19. Rg5 Kf8 20. Rxg7 h6 21. Qd4 Be6 22. Rg6 fxg6 23. Qxh8+ {1-0 (25) Abdusattorov,N (2627)-Nakamura,H (2736) Chess.com INT 2021}) 11... Qe6 12. Qd4 {Not much happened in this game. Not enough moves} 1/2-1/2

[Event "Panchenko Memorial-A 2021"]
[Site "Chelyabinsk"]
[Date "2021.09.20"]
[Round "9.4"]
[White "Frolyanov, Dmitry"]
[Black "Sargsyan, Shant"]
[Result "0-1"]
[WhiteElo "2533"]
[BlackElo "2642"]
[Annotator "TA"]
[PlyCount "102"]
[EventDate "2021.09.13"]
[EventType "swiss"]
[EventCountry "RUS"]
[SourceTitle "playchess.com"]
[Source "ChessBase"]
[SourceQuality "1"]

{[%evp 10,102,13,30,29,25,27,25,23,22,16,7,25,20,22,11,4,-15,15,6,13,19,17,15,36,41,44,48,60,63,54,37,54,17,25,11,19,25,18,0,0,0,8,3,9,0,0,0,0,-33,0,0,0,-12,-4,-13,-12,-41,-47,-45,-50,-47,-25,-25,-27,-109,-99,-107,-102,-105,-118,-124,-127,-131,-122,-109,-108,-104,-93,-93,-80,-214,-69,-99,-93,-151,-161,-226,-201,-470,-468,-449,-449,-433,-373]} 1. e4 c6 2. Nc3 d5 3. Nf3 dxe4 4. Nxe4 Nf6 5. Qe2 Nxe4 6. Qxe4 Nd7 {[%cal Bb8d7,Bd7f6,Bf6d5][%mdl 32] B11: Caro-Kann: Two Knights Variation.} 7. d4 Nf6 8. Qd3 g6 {White has an edge.} 9. Be2 Bg7 10. O-O O-O 11. Bf4 Bf5 12. Qb3 {[#]} Nd5 $146 ({Predecessor:} 12... Qc8 13. Rad1 h6 14. Rfe1 g5 15. Be5 e6 16. c4 Rd8 17. Bd3 Bg4 18. Be4 Rd7 {0-1 (48) Finke,L (1315)-Nadrowski,J (1633) Dortmund 2010}) 13. Be5 Qb6 14. Bxg7 Kxg7 15. c3 Qc7 16. Rfe1 a5 17. c4 a4 18. Qa3 Nf4 19. Bf1 Rfe8 20. Nh4 Qd6 21. Nxf5+ gxf5 22. Qg3+ (22. Qc3 {is more complex.} Qf6 23. Rad1 Ng6 24. g3 Red8 25. f4) 22... Ng6 23. Qxd6 exd6 24. a3 Re4 25. Red1 Kf6 26. g3 h5 27. Rab1 h4 28. Bg2 Re7 29. Re1 Rae8 30. Kf1 hxg3 (30... f4 {is interesting.} 31. Bf3 Kg5 32. Rxe7 Rxe7 33. Re1 Rxe1+ 34. Kxe1 hxg3 35. fxg3 fxg3 36. hxg3 Ne7) 31. fxg3 f4 32. Rxe7 Nxe7 $11 {[%mdl 4096] Endgame KRB-KRN} 33. b3 fxg3 34. hxg3 Nf5 35. bxa4 Re7 36. Kf2 Nxd4 37. Rd1 (37. a5 $11 {remains equal.}) 37... Re2+ $17 38. Kf1 Ke5 39. Rb1 Rc2 40. Rxb7 Rxc4 41. Rxf7 d5 $1 42. Re7+ Kd6 43. Re3 Rxa4 44. g4 Nc2 45. Rc3 {[#]} (45. Rg3 $17 {was the only defense.}) 45... Nxa3 ({Black should try} 45... Rf4+ $1 $19 46. Bf3 Nd4) 46. g5 $1 $15 Nc4 {Strongly threatening ...d4.} 47. Rh3 (47. g6 $142) 47... Ne5 48. Rh6+ {[#]} (48. Rg3 $142) 48... Kc5 $1 $19 49. Re6 $2 (49. Bh3) 49... Rf4+ {Black is clearly winning.} 50. Ke2 Rf5 51. Rf6 Rxg5 {Weighted Error Value: White=0.18/Black=0.08} 0-1

[Event "Panchenko Memorial-A 2021"]
[Site "Chelyabinsk"]
[Date "2021.09.20"]
[Round "9.5"]
[White "Drygalov, Sergey"]
[Black "Tiviakov, Sergei"]
[Result "1/2-1/2"]
[WhiteElo "2500"]
[BlackElo "2604"]
[Annotator "TA"]
[PlyCount "95"]
[EventDate "2021.09.13"]
[EventType "swiss"]
[EventCountry "RUS"]
[SourceTitle "playchess.com"]
[Source "ChessBase"]
[SourceQuality "1"]

{[%evp 21,95,9,26,6,18,34,61,55,31,25,23,17,29,42,39,49,39,18,43,26,2,16,44,13,23,-17,-21,-21,-20,-14,-16,-16,0,0,0,-12,-4,-5,0,0,12,0,0,0,-5,-62,-39,-40,0,-10,0,-41,-36,-41,-49,-48,-10,-21,-11,-10,0,0,0,0,0,0,0,0,0,0,0,0,0,0,0,0]} 1. d4 {RR} Nf6 2. c4 e6 3. Nf3 b6 4. g3 Bb7 5. Bg2 Be7 6. O-O O-O 7. Re1 Na6 8. Nc3 d5 9. cxd5 exd5 10. Bf4 c5 11. Rc1 $1 {11.Rc1 scores better than 11.dxc5.} Re8 12. a3 {E17: Queen's Indian: 4 g3 Bb7 5 Bg2 Be7.} Bf8 13. e3 h6 14. h4 {[#] White is slightly better.} Nc7 $146 ({Predecessor:} 14... Qe7 15. Qa4 Nc7 16. Be5 Red8 17. Red1 Nce8 18. Bxf6 Nxf6 19. Ne5 Rdc8 20. f4 a6 {0-1 (59) Istratescu,A (2670)-Maiorov,N (2531) Vaujany 2014 EXT 2017 [RR]}) 15. Be5 Rc8 16. Rc2 Ne4 17. dxc5 {[#] Hoping for c6!} Nxc3 18. Bxc3 bxc5 19. Rd2 Qe7 20. Nh2 Rb8 21. Ba5 Ba8 22. Ree2 Ne6 23. Bxd5 Bxd5 24. Rxd5 {[#]} Nd4 $1 25. Rxd4 cxd4 26. Qxd4 Rb5 27. Bc3 Rd8 28. Qa4 Qb7 29. Nf3 Rbd5 30. Kg2 Rd3 31. Qg4 Qd5 32. e4 Qb5 {And now ...Rxc3! would win.} 33. Rd2 (33. Re1 $11) 33... Rxd2 (33... h5 $5 {[%cal Rh5g4]} 34. Qf4 Rxd2 35. Nxd2 Qe2 $11) 34. Nxd2 Qd3 35. Nf3 (35. h5 {keeps more tension.} Rd6 36. Qf3 Qxf3+ 37. Kxf3 Rc6 38. a4) 35... Qe2 (35... Qd7 {with more complications.} 36. Qf4 Re8 37. Qe3 Qb7 38. Nd2 Rd8) 36. Ne5 (36. Qf5 {is more complex.} Rd6 37. Nd4 Qc4 38. Nf3 f6 39. g4) 36... Qxg4 37. Nxg4 $15 {[%mdl 4096] Endgame KRB-KBN} Bc5 38. Kf3 Rc8 39. a4 $1 {[%cal Ba3a4,Ba4a5][%mdl 32] The position is equal.} f6 40. Ne3 Bxe3 41. Kxe3 $11 {KR-KB} Rc4 42. a5 $1 a6 43. h5 Kf7 44. g4 Ke6 45. f3 Ra4 46. Kf4 Rc4 47. Ke3 Ra4 48. Kf4 {Weighted Error Value: White=0.10/Black=0.09} 1/2-1/2

[Event "Panchenko Memorial-A 2021"]
[Site "Chelyabinsk"]
[Date "2021.09.20"]
[Round "9.6"]
[White "Azarov, Sergei"]
[Black "Gutenev, Alexander"]
[Result "1-0"]
[WhiteElo "2603"]
[BlackElo "2430"]
[Annotator "TA"]
[PlyCount "103"]
[EventDate "2021.09.13"]
[EventType "swiss"]
[EventCountry "RUS"]
[SourceTitle "playchess.com"]
[Source "ChessBase"]
[SourceQuality "1"]

{[%evp 18,103,35,25,35,23,27,17,24,31,48,24,41,54,49,36,64,56,85,81,117,137,140,129,129,128,127,156,154,104,102,104,112,111,127,110,127,104,164,110,159,142,156,150,384,194,771,327,316,317,395,382,382,349,379,368,1014,370,350,301,313,305,319,317,301,279,313,297,1293,1578,1539,1531,1056,914,913,879,12837,12837,12839,12839,12841,12840,12841,12832,2550,2221,1633,1318]} 1. e4 c5 2. Nf3 Nc6 3. d4 cxd4 4. Nxd4 Nf6 5. Nc3 d6 6. Bg5 e6 7. Qd2 a6 8. O-O-O Bd7 9. f3 Be7 10. h4 h6 {B67: Sicilian: Richter-Rauzer: 7...a6 8 0-0-0 Bd7, lines without 9 f4 Be7.} 11. Be3 h5 12. Nxc6 Bxc6 {The position is equal.} 13. Kb1 d5 {[%cal Rd5e4]} 14. Qf2 Qb8 {[%cal Rd5e4]} 15. exd5 Nxd5 {[#]} 16. Bd4 $146 ({Predecessor:} 16. Nxd5 Bxd5 17. Bc5 Qc7 18. Bxe7 Qxe7 19. Bb5+ Kf8 20. c4 Bxf3 21. Qxf3 axb5 22. cxb5 {1-0 (38) Zenner,P (2182)-Frick,A (2227) GER email 2006}) 16... Nxc3+ 17. Bxc3 O-O 18. f4 $1 Rc8 19. Qg3 {[%csl Gc3][%cal Rg3g7]} Bf8 20. Be2 b5 21. Bxh5 b4 22. Be5 Qb5 23. Bf3 Bxf3 24. Qxf3 f6 25. Bd4 Rc6 26. g4 Rac8 27. Rd2 a5 (27... Qd5 $16 28. Qxd5 exd5) 28. h5 (28. g5 $18 Qf5 29. Qg2) 28... e5 29. fxe5 fxe5 30. Be3 Rc3 $2 {Loses the game.} (30... a4 $16 31. g5 R6c7) 31. Rhd1 (31. Rf2 $142 {White wants to mate with h6.} R3c7 32. Rhf1) 31... Be7 $2 (31... Qc6 32. Qe2 Qb7) 32. Qf5 Qc6 $18 33. Bg5 ({Weaker is} 33. bxc3 bxc3 34. Qd7 cxd2 $14) (33. Qxe5 Rxc2 34. Qd5+ (34. Rd7 $2 Bf6 $19) 34... Qxd5 $16) 33... Rf8 34. Qxe5 Bxg5 35. Qxg5 Rc5 36. Qe7 Rc4 $2 (36... Qc7 37. Qe6+ Qf7) 37. g5 $2 (37. Rd8 Rcf4 38. g5) 37... Re4 38. Qd6 Qxd6 39. Rxd6 {[%mdl 4096] Endgame KRR-KRR} Re5 40. g6 Rxh5 {[#]} 41. b3 $1 Rhf5 42. Kb2 Rc8 $2 (42... Re8 43. a4 Kf8) 43. Rd8+ {White is clearly winning.} Rf8 44. Rxc8 Rxc8 {KR-KR} 45. Rd5 Ra8 46. a3 bxa3+ 47. Kxa3 Kf8 48. Rf5+ Kg8 49. Ka4 Ra6 50. Rg5 Kf8 51. Kb5 Ra7 52. Kb6 {Weighted Error Value: White=0.39/Black=0.24} 1-0

[Event "Panchenko Memorial-A 2021"]
[Site "Chelyabinsk"]
[Date "2021.09.20"]
[Round "9.7"]
[White "Levin, Evgeny A."]
[Black "Kokarev, Dmitry"]
[Result "1/2-1/2"]
[WhiteElo "2485"]
[BlackElo "2584"]
[Annotator "TA"]
[PlyCount "95"]
[EventDate "2021.09.13"]
[EventType "swiss"]
[EventCountry "RUS"]
[SourceTitle "playchess.com"]
[Source "ChessBase"]
[SourceQuality "1"]

{[%evp 16,95,43,44,34,37,45,39,51,44,50,47,63,62,73,47,54,33,28,32,84,86,98,0,0,0,134,113,110,96,185,210,181,112,133,126,130,113,135,141,135,132,140,127,145,121,150,144,150,150,150,129,141,141,125,122,122,123,125,100,124,122,116,116,124,124,124,105,109,105,116,116,116,80,92,43,43,18,17,14,10,0]} 1. d4 Nf6 2. c4 g6 3. Nc3 Bg7 4. e4 d6 5. Nf3 O-O 6. Be2 e5 7. O-O Na6 8. Re1 c6 9. d5 Nc5 {E94: King's Indian: Classical: 6 Be2 e5 7 0-0: Various Black 7th moves.} 10. Qc2 {10.Bf1 is not played anymore.} cxd5 11. cxd5 Qc7 {Threatening ...Ncxe4!White is slightly better.} 12. Nb5 Qe7 13. Bg5 h6 14. Bxf6 {[#]} Qxf6 $146 ({Predecessor:} 14... Bxf6 15. Rac1 Na6 16. Qc3 Bd7 17. Qa3 Bxb5 18. Bxb5 Nc7 19. Qa5 Nxb5 20. Qxb5 Rfc8 {½-½ (35) Isik,A (2212)-Shevchenko,K (2554) Ankara 2018}) 15. b4 Na6 16. a3 Bd7 17. Rac1 h5 ({Black should try} 17... Qe7 $14) 18. Qd2 $16 Kh7 19. Ng5+ (19. Qg5 $1 $16 {[%cal Rg5f6] Qxf6 is the strong threat.} Bxb5 20. Bxb5) 19... Kg8 $11 20. Nf3 Rfc8 (20... Kh7 $1 $11 {keeps the balance.}) 21. Rxc8+ Bxc8 22. Qe3 Bd7 (22... Bg4 $16) 23. Nxa7 $18 Qd8 24. Nb5 (24. Bxa6 $18 bxa6 25. Nc6 Bxc6 26. dxc6) 24... Bxb5 25. Bxb5 Nc7 {[%cal Ba6c7,Bc7e8,Be8f6][%mdl 32]} 26. Be2 Ne8 27. Nd2 Kh7 {intending ...Bh6.} 28. Nc4 Bh6 29. Qd3 Nf6 30. Bd1 b5 {[#]} 31. Na5 Rxa5 32. bxa5 Qxa5 33. Kf1 Bd2 34. Re2 Bc3 35. Rc2 Bd4 36. Be2 Bc5 37. Rb2 Qxa3 38. Qxa3 ({Worse is} 38. Rxb5 Qc1+ 39. Bd1 {[#]} Nxe4 $1 $15) ({Don't blunder} 38. Qxb5 $2 Qa1+ 39. Rb1 Qd4 $19) 38... Bxa3 $16 {[%mdl 4096] Endgame KRB-KBN} 39. Ra2 Bc5 40. f3 b4 41. Bb5 h4 42. g3 hxg3 43. hxg3 Kg7 44. Bc6 Nh5 45. Kg2 f5 46. Ba4 Nf6 47. Re2 Bd4 48. Re1 {Weighted Error Value: White=0.13/Black=0.16} 1/2-1/2

[Event "Panchenko Memorial-A 2021"]
[Site "Chelyabinsk"]
[Date "2021.09.20"]
[Round "9.8"]
[White "Nesterov, Arseniy"]
[Black "Lintchevski, Daniil"]
[Result "1/2-1/2"]
[WhiteElo "2483"]
[BlackElo "2561"]
[Annotator "TA"]
[PlyCount "55"]
[EventDate "2021.09.13"]
[EventType "swiss"]
[EventCountry "RUS"]
[SourceTitle "playchess.com"]
[Source "ChessBase"]
[SourceQuality "1"]

{[%evp 13,55,16,9,22,22,22,22,16,16,22,19,19,19,19,24,19,19,19,24,20,19,26,23,20,21,17,22,20,16,16,83,0,0,0,18,18,18,18,17,16,15,4,4,6]} 1. d4 {Ftacnik,L} d5 2. c4 c6 3. Nc3 Nf6 4. e3 a6 5. Qc2 e6 6. Nf3 c5 7. cxd5 exd5 8. Be2 {D45: Semi-Slav: 5 e3.} Be6 9. O-O Nc6 10. Rd1 cxd4 11. Nxd4 Nxd4 12. Rxd4 Bc5 13. Rd1 Qe7 14. Bf3 {[%cal Rc3d5]} O-O 15. Nxd5 Nxd5 16. Bxd5 Bxd5 17. Rxd5 Rac8 {[%cal Ba8c8,Bc8c5,Bc5f5][%mdl 32]} 18. Bd2 Bxe3 $1 19. Bc3 {[#] aiming for Re1.} Rc5 $146 ({Predecessor:} 19... Bb6 20. Qf5 Qe6 21. Qf3 f6 22. h4 Qc6 23. h5 Rfd8 24. Rxd8+ Rxd8 25. Qxc6 bxc6 26. Re1 Kf7 27. g4 Bd4 28. Rc1 Bxc3 29. Rxc3 Rd4 {½-½ (29) Gelfand,B (2727)-Anand,V (2791) Moscow 2012 CBM 149 [Ftacnik,L]}) 20. Rd3 Bg5 21. Qa4 Qe2 (21... Qc7 $11) 22. Rg3 (22. Qd7 $16) 22... Rf5 $11 {The position is equal.} 23. Rf1 Bf6 24. Qd7 Qe6 25. Qxe6 fxe6 26. Bxf6 R8xf6 27. Rc3 Rd5 28. Rc2 {Weighted Error Value: White=0.05/Black=0.08} 1/2-1/2

[Event "Panchenko Memorial-A 2021"]
[Site "Chelyabinsk"]
[Date "2021.09.20"]
[Round "9.9"]
[White "Petrov, Nikita"]
[Black "Matinian, Nikita"]
[Result "0-1"]
[WhiteElo "2555"]
[BlackElo "2436"]
[Annotator "ChessBase"]
[PlyCount "104"]
[EventDate "2021.09.13"]
[EventType "swiss"]
[EventCountry "RUS"]
[SourceTitle "playchess.com"]
[Source "ChessBase"]
[SourceQuality "1"]
[TimeControl "5400+30"]

1. d4 {[%emt 0:00:05]} g6 {[%emt 0:00:30]} 2. e4 {[%emt 0:00:36]} d6 {[%emt 0:00:10]} 3. Nf3 {[%emt 0:00:48]} Bg7 {[%emt 0:00:10]} 4. Be3 {[%emt 0:00:31]} Nf6 {[%emt 0:00:12]} 5. Nc3 {[%emt 0:00:32]} c6 {[%emt 0:00:15]} 6. Qd2 {[%emt 0:01:57]} b5 {[%emt 0:00:11]} 7. Bh6 {[%emt 0:00:51]} Bxh6 {[%emt 0:14:07]} 8. Qxh6 {[%emt 0:00:23]} b4 {[%emt 0:00:20]} 9. Nd1 {[%emt 0:00:10]} Nxe4 {[%emt 0:00:22]} 10. Bd3 {[%emt 0:00:32]} Nf6 {[%emt 0:01:38]} 11. O-O {[%emt 0:04:34]} Qb6 {[%emt 0:06:43]} 12. Re1 {[%emt 0:03:39]} Rg8 {[%emt 0:02:00]} 13. Qf4 {[%emt 0:16:08]} Be6 {[%emt 0:02:57]} 14. Ng5 {[%emt 0:01:10]} Nbd7 {[%emt 0:01:06]} 15. Nxe6 {[%emt 0:03:07]} Nd5 {[%emt 0:04:42]} 16. Qd2 {[%emt 0:15:13]} fxe6 {[%emt 0:02:07]} 17. Rxe6 {[%emt 0:00:07]} Rf8 {[%emt 0:08:28]} 18. Ne3 {[%emt 0:04:55]} Nf4 {[%emt 0:02:04]} 19. Nc4 {[%emt 0:07:25]} Qc7 {[%emt 0:01:32]} 20. Re3 {[%emt 0:01:59]} Rb8 {[%emt 0:11:10]} 21. Rae1 {[%emt 0:01:15]} Rf7 {[%emt 0:01:48]} 22. Bf1 {[%emt 0:04:44]} Nb6 {[%emt 0:02:25]} 23. Nxb6 {[%emt 0:02:24]} Rxb6 {[%emt 0:00:07]} 24. g3 {[%emt 0:05:34]} Nd5 {[%emt 0:00:04]} 25. Re6 {[%emt 0:00:59]} Kd8 {[%emt 0:03:14]} 26. Bc4 {[%emt 0:02:42]} Rb7 {[%emt 0:02:51]} 27. Qg5 {[%emt 0:02:26]} Rf5 {[%emt 0:02:16]} 28. Qh4 {[%emt 0:01:30]} Rf7 {[%emt 0:00:23]} 29. Bf1 {[%emt 0:00:52]} Nf6 {[%emt 0:01:13]} 30. Bh3 {[%emt 0:02:08]} Qa5 {[%emt 0:01:19]} 31. Qf4 {[%emt 0:02:35]} Qxa2 {[%emt 0:06:12]} 32. Rxd6+ {[%emt 0:07:52]} exd6 {[%emt 0:00:04]} 33. Qxd6+ {[%emt 0:00:11]} Nd7 {[%emt 0:00:11]} 34. Qxc6 {[%emt 0:00:50]} Rb6 {[%emt 0:01:32]} 35. Qa8+ {[%emt 0:00:55]} Kc7 {[%emt 0:03:45]} 36. Re5 {[%emt 0:06:16]} Qa1+ {[%emt 0:01:19]} 37. Kg2 {[%emt 0:00:13]} Qa6 {[%emt 0:00:29]} 38. Bxd7 {[%emt 0:00:38]} Rxd7 {[%emt 0:00:17]} 39. Qe4 {[%emt 0:00:34]} Qb7 {[%emt 0:00:56]} 40. d5 {[%emt 0:00:02]} Rbd6 {[%emt 0:00:19]} 41. Qf4 {[%emt 0:00:39]} Kc8 {[%emt 0:00:42]} 42. Re8+ {[%emt 0:00:57]} Rd8 {[%emt 0:00:12]} 43. Qxd6 {[%emt 0:00:13]} Rxe8 {[%emt 0:00:04]} 44. c4 {[%emt 0:00:03]} bxc3 {[%emt 0:00:06]} 45. bxc3 {[%emt 0:00:01]} Qb6 46. Qf4 {[%emt 0:00:10]} Qc5 {[%emt 0:00:43]} 47. c4 {[%emt 0:01:00]} Rf8 {[%emt 0:00:29]} 48. Qg4+ {[%emt 0:00:05]} Kc7 {[%emt 0:00:13]} 49. Qe2 {[%emt 0:00:15]} Rc8 {[%emt 0:00:27]} 50. Qe5+ {[%emt 0:02:14]} Kb7 {[%emt 0:00:08]} 51. Qg7+ {[%emt 0:00:29]} Qc7 {[%emt 0:00:22]} 52. Qb2+ {[%emt 0:00:31]} Ka8 {[%emt 0:00:04]} 0-1

[Event "Panchenko Memorial-A 2021"]
[Site "Chelyabinsk"]
[Date "2021.09.21"]
[Round "10.1"]
[White "Volkov, Sergey"]
[Black "Pridorozhni, Aleksei"]
[Result "1/2-1/2"]
[WhiteElo "2534"]
[BlackElo "2550"]
[Annotator "ChessBase"]
[PlyCount "43"]
[EventDate "2021.09.13"]
[EventType "swiss"]
[EventCountry "RUS"]
[SourceTitle "playchess.com"]
[Source "ChessBase"]
[SourceQuality "1"]
[TimeControl "5400+30"]

1. d4 {[%emt 0:00:05]} Nf6 {[%emt 0:00:24]} 2. c4 {[%emt 0:00:09]} g6 {[%emt 0:00:14]} 3. Nc3 {[%emt 0:00:10]} Bg7 {[%emt 0:00:06]} 4. e4 {[%emt 0:00:15]} d6 {[%emt 0:00:06]} 5. Nf3 {[%emt 0:00:18]} O-O {[%emt 0:00:09]} 6. Be2 {[%emt 0:00:10]} e5 {[%emt 0:00:06]} 7. Be3 {[%emt 0:00:14]} exd4 {[%emt 0:00:12]} 8. Nxd4 {[%emt 0:00:09]} Re8 {[%emt 0:00:09]} 9. f3 {[%emt 0:00:27]} c6 {[%emt 0:00:11]} 10. Bf2 {[%emt 0:00:19]} d5 {[%emt 0:00:14]} 11. exd5 {[%emt 0:00:06]} cxd5 {[%emt 0:00:04]} 12. O-O {[%emt 0:00:14]} Nc6 {[%emt 0:00:09]} 13. c5 {[%emt 0:00:41]} Nh5 {[%emt 0:00:17]} 14. Qd2 {[%emt 0:07:14]} Be5 {[%emt 0:00:45]} 15. Rfe1 {[%emt 0:00:19]} Nf4 {[%emt 0:09:25]} 16. Bf1 {[%emt 0:04:07]} Qg5 {[%emt 0:12:39]} 17. Kh1 {[%emt 0:01:35]} Bd7 {[%emt 0:01:18]} 18. Be3 {[%emt 0:35:52]} Nxd4 {[%emt 0:13:21]} 19. Bxd4 {[%emt 0:00:18]} Bxd4 {[%emt 0:00:15]} 20. Qxd4 {[%emt 0:00:34]} Bc6 {[%emt 0:00:07]} 21. Qd2 {[%emt 0:12:45]} Qf6 {[%emt 0:00:49]} 22. Rad1 {[%emt 0:07:51]} 1/2-1/2

[Event "Panchenko Memorial-A 2021"]
[Site "Chelyabinsk"]
[Date "2021.09.21"]
[Round "10.2"]
[White "Matinian, Nikita"]
[Black "Salemgareev, Tagir"]
[Result "1/2-1/2"]
[WhiteElo "2436"]
[BlackElo "2463"]
[Annotator "ChessBase"]
[PlyCount "53"]
[EventDate "2021.09.13"]
[EventType "swiss"]
[EventCountry "RUS"]
[SourceTitle "playchess.com"]
[Source "ChessBase"]
[SourceQuality "1"]
[TimeControl "5400+30"]

1. e4 {[%emt 0:00:04]} c5 {[%emt 0:00:26]} 2. Nf3 {[%emt 0:00:05]} d6 {[%emt 0:00:08]} 3. Bb5+ {[%emt 0:00:05]} Bd7 {[%emt 0:00:05]} 4. Bxd7+ {[%emt 0:00:04]} Nxd7 {[%emt 0:00:06]} 5. O-O {[%emt 0:00:43]} Ngf6 {[%emt 0:00:05]} 6. Qe2 {[%emt 0:00:37]} e6 {[%emt 0:00:17]} 7. c3 {[%emt 0:00:07]} Be7 {[%emt 0:00:09]} 8. d4 {[%emt 0:00:11]} O-O {[%emt 0:00:08]} 9. e5 {[%emt 0:00:23]} Ne8 {[%emt 0:00:07]} 10. Bf4 {[%emt 0:01:22]} Rc8 {[%emt 0:05:58]} 11. Rd1 {[%emt 0:00:27]} cxd4 {[%emt 0:11:18]} 12. cxd4 {[%emt 0:00:45]} Nb6 {[%emt 0:00:29]} 13. Nc3 {[%emt 0:00:48]} Nc7 {[%emt 0:00:21]} 14. Ne4 {[%emt 0:10:02]} Ncd5 {[%emt 0:00:46]} 15. Bg5 {[%emt 0:00:22]} Bxg5 {[%emt 0:04:56]} 16. Nfxg5 {[%emt 0:00:43]} h6 {[%emt 0:00:45]} 17. Nf3 {[%emt 0:01:10]} Nf4 {[%emt 0:01:18]} 18. Qb5 {[%emt 0:06:59]} dxe5 {[%emt 0:08:00]} 19. dxe5 {[%emt 0:00:19]} Qe7 {[%emt 0:00:25]} 20. g3 {[%emt 0:07:57]} Ng6 {[%emt 0:01:23]} 21. h4 {[%emt 0:06:52]} Rc4 {[%emt 0:05:21]} 22. Nd6 {[%emt 0:11:39]} Rg4 {[%emt 0:01:00]} 23. Nh2 {[%emt 0:06:11]} Qxh4 {[%emt 0:00:17]} 24. Nxg4 {[%emt 0:00:03]} Qxg4 {[%emt 0:00:06]} 25. Re1 {[%emt 0:00:25]} Nf4 {[%emt 0:15:50]} 26. Re4 {[%emt 0:05:10]} Nbd5 {[%emt 0:00:08]} 27. Qc4 {[%emt 0:05:05]} 1/2-1/2

[Event "Panchenko Memorial-A 2021"]
[Site "Chelyabinsk"]
[Date "2021.09.21"]
[Round "10.3"]
[White "Sargsyan, Shant"]
[Black "Fedorov, Alexei"]
[Result "1/2-1/2"]
[WhiteElo "2642"]
[BlackElo "2532"]
[Annotator "TA"]
[PlyCount "37"]
[EventDate "2021.09.13"]
[EventType "swiss"]
[EventCountry "RUS"]
[SourceTitle "playchess.com"]
[Source "ChessBase"]
[SourceQuality "1"]

{[%evp 14,37,38,34,50,31,44,0,7,0,20,0,21,0,0,0,8,7,17,0,0,0,0,0,30,-41]} 1. d4 Nf6 2. c4 g6 3. Nc3 Bg7 4. e4 d6 5. Be2 O-O 6. Be3 e5 {6...Na6 is more fashionable.} 7. d5 Na6 8. h4 Nc5 {E73: King's Indian: Averbakh Variation without 6...c5.} 9. Qc2 c6 10. h5 (10. Bxc5 $5 dxc5 11. h5 $11) 10... cxd5 {The position is equal.} 11. cxd5 Qa5 {[#] aiming for ...Ncxe4.} 12. h6 Bh8 {And now ...Ncxe4 would win.} 13. Bd2 {[#]} Qb6 $5 $146 {[%mdl 8] New and interesting.} ({Predecessor:} 13... Bd7 14. Nh3 Rac8 15. Ng5 Qd8 16. Qd1 Ne8 17. b4 Na6 18. a3 Rxc3 19. Nxh7 Kxh7 20. Bxc3 {0-1 (30) Coleman,T (2333)-Kashlinskaya,A (2494) Chess.com INT 2020}) 14. Nh3 Bd7 15. Ng5 Rfc8 16. Rc1 a5 17. O-O Qd8 18. Qb1 Ng4 {[#]} 19. g3 {Weighted Error Value: White=0.12/Black=0.05} ({White should try} 19. Ne6 $1 $11 Nxe6 20. dxe6 (20. Bxg4 Nf4 $11) 20... Bxe6 21. Bxg4 Bxg4 22. Nd5) 1/2-1/2

[Event "Panchenko Memorial-A 2021"]
[Site "Chelyabinsk"]
[Date "2021.09.21"]
[Round "10.4"]
[White "Afanasiev, Nikita"]
[Black "Azarov, Sergei"]
[Result "1/2-1/2"]
[WhiteElo "2548"]
[BlackElo "2603"]
[Annotator "TA"]
[PlyCount "39"]
[EventDate "2021.09.13"]
[EventType "swiss"]
[EventCountry "RUS"]
[SourceTitle "playchess.com"]
[Source "ChessBase"]
[SourceQuality "1"]

{[%evp 19,26,5,6,0,0,0,7,1,0]} 1. d4 Nf6 2. c4 e6 3. Nc3 Bb4 4. Qc2 O-O 5. a3 Bxc3+ 6. Qxc3 b5 7. cxb5 c6 8. Bg5 cxb5 9. e3 Bb7 10. Nf3 h6 {The position is equal.} 11. Bxf6 {E32: Nimzo-Indian: Classical (4 Qc2): 4...0-0.} Qxf6 12. Be2 Rc8 13. Qd3 a6 {[#] An uneventful encounter.  Weighted Error Value: White=0.04/Black=0.00} {Predecessor:} 14. O-O $146 Nc6 15. Qd2 d6 16. Rac1 Qd8 17. Rc3 Ne7 18. Rfc1 Rxc3 19. Rxc3 Nd5 20. Rc2 {½-½ (35) Batchuluun,T (2521)-Gundavaa,B (2507) Govi Altai 2014} 1/2-1/2